| 000 | 00447cam a2200193 4500 | ||
|---|---|---|---|
| 001 | D7275 | ||
| 008 | 090401t1975 xxu||||| |||| 00| 0 eng d | ||
| 035 | _a(Sirsi) u6419 | ||
| 041 | _aeng | ||
| 050 | _a690.26 | ||
| 100 | _aMusannif, A.A.B. | ||
| 245 | _aQuieter demolition techniques | ||
| 260 |
_aWatford _bBRE _c1975 |
||
| 300 | _a7p. ill. 30cm | ||
| 350 | _a0 | ||
| 490 |
_aBRE Current Paper _v66/75 |
||
| 942 | _n0 | ||
| 948 | _c04/03/1997 | ||
| 999 |
_c86295 _d86295 |
||